[Event "Canadian zt"]
[Site "Toronto"]
[Date "2024.04.01"]
[Round "9"]
[White "Kalinin, Dmitry2"]
[Black "Rusonik, Max"]
[Result "0-1"]
[WhiteElo "1997"]
[BlackElo "2196"]
[PlyCount "96"]
[EventDate "2024.03.27"]
[EventType "team-swiss"]
[EventRounds "10"]
[EventCountry "CAN"]
[SourceTitle "CB15_2024"]
[SourceDate "2024.04.10"]
[SourceVersion "1"]
[SourceVersionDate "2024.04.10"]
[SourceQuality "1"]

1. d4 Nf6 2. c4 e6 3. Nc3 Bb4 4. Qc2 0-0 5. e3 d5 6. Nf3 b6 7. Bd2 a6 8. cxd5 exd5 9. Bd3 Bb7 10. Ne2 Bd6 11. Ng3 g6 12. 0-0 Nbd7 13. Rac1 Qe7 14. Ng5 Rae8 15. f3 c5 16. Nh3 c4 17. Be2 Bxg3 18. hxg3 Nh5 19. Kf2 f5 20. Nf4 Nxf4 21. gxf4 Qh4+ 22. Kg1 Re6 23. e4 fxe4 24. fxe4 Rxe4 25. Bf3 Nf6 26. Be1 Qh6 27. Bxe4 Nxe4 28. f5 Bc8 29. Rd1 Rxf5 30. Rxf5 Bxf5 31. Qc1 Qh5 32. Bf2 Qg4 33. Rf1 b5 34. Qe3 b4 35. Be1 a5 36. Qf4 Qxf4 37. Rxf4 h5 38. Rf3 Bg4 39. Re3 Bd1 40. Kf1 Kf7 41. Rxe4 dxe4 42. Kf2 Ke6 43. Ke3 Kd5 44. Kd2 Bg4 45. Bf2 a4 46. a3 c3+ 47. Kc2 cxb2 48. axb4 a3 0-1

[Event "New York Summer 1000 GM IM-B"]
[Site "New York"]
[Date "2023.07.06"]
[Round "1.2"]
[White "Lee, Justin"]
[Black "Rusonik, Max"]
[Result "1-0"]
[WhiteElo "2257"]
[BlackElo "2144"]
[PlyCount "51"]
[EventDate "2023.07.06"]
[EventType "schev"]
[EventRounds "9"]
[EventCountry "USA"]
[SourceTitle "CBM 215 Extra"]
[Source "ChessBase"]
[SourceDate "2023.09.30"]
[SourceVersion "1"]
[SourceVersionDate "2023.09.30"]
[SourceQuality "1"]
[WhiteTeam "Team D"]
[BlackTeam "Team C"]
[WhiteTeamCountry "USA"]
[BlackTeamCountry "USA"]

1. d4 Nf6 2. c4 e6 3. Nf3 d5 4. Nc3 Bb4 5. cxd5 exd5 6. Bg5 h6 7. Bh4 Nbd7 8. e3 g5 9. Bg3 Ne4 10. Nd2 Nxg3 11. hxg3 Nb6 12. Bd3 c6 13. Qc2 Qf6 14. a3 Bf8 15. e4 Qxd4 16. exd5 Bd7 17. 0-0 0-0-0 18. Nb3 Qe5 19. Rfe1 Qc7 20. Rac1 cxd5 21. Qb1 Bc6 22. Nb5 Qb8 23. Bf5+ Nd7 24. Bxd7+ Rxd7 25. Re8+ Rd8 26. Qf5# 1-0

[Event "Toronto"]
[Site "Toronto"]
[Date "2022.11.07"]
[Round "8"]
[White "Rusonik, Max"]
[Black "Jaferian, Koosha"]
[Result "1/2-1/2"]
[WhiteElo "2065"]
[BlackElo "2236"]
[PlyCount "74"]
[EventDate "2022.09.12"]
[EventType "tourn"]
[EventRounds "9"]
[EventCountry "CAN"]
[SourceTitle "EXT 2024"]
[Source "ChessBase"]
[SourceDate "2023.10.10"]
[SourceVersion "1"]
[SourceVersionDate "2023.10.10"]
[SourceQuality "1"]

1. e4 c6 2. d4 d5 3. e5 Bf5 4. h4 h5 5. Bd3 Bxd3 6. Qxd3 Qa5+ 7. Nd2 e6 8. Ngf3 Nh6 9. 0-0 Nf5 10. c4 Be7 11. a4 Nxh4 12. Nxh4 Bxh4 13. b4 Qd8 14. b5 Be7 15. Ba3 0-0 16. cxd5 cxd5 17. Rfc1 a6 18. Qc3 axb5 19. axb5 Bxa3 20. Rxa3 Rxa3 21. Qxa3 Qb6 22. Qc5 Qa5 23. Nf3 Nd7 24. Qe7 Qxb5 25. Rc7 Qb1+ 26. Kh2 Nb8 27. Rxb7 Qc1 28. Rc7 Qf4+ 29. Kg1 Na6 30. Rd7 Qc1+ 31. Kh2 Qf4+ 32. Kg1 Qc1+ 33. Kh2 Qf4+ 34. Kh1 Qc1+ 35. Kh2 Qf4+ 36. Kh1 Qc1+ 37. Kh2 Qf4+ 1/2-1/2

[Event "Canadian-ch op"]
[Site "Hamilton"]
[Date "2022.07.16"]
[Round "7"]
[White "Rusonik, Max"]
[Black "Sambuev, Bator"]
[Result "1/2-1/2"]
[WhiteElo "2198"]
[BlackElo "2484"]
[PlyCount "102"]
[EventDate "2022.07.12"]
[EventType "swiss"]
[EventRounds "9"]
[EventCountry "CAN"]
[SourceTitle "CBM 209 Extra"]
[Source "ChessBase"]
[SourceDate "2022.09.30"]
[SourceVersion "1"]
[SourceVersionDate "2022.09.30"]
[SourceQuality "1"]

1. e4 d6 2. d4 Nf6 3. Nc3 e5 4. Nf3 Nbd7 5. Bc4 Be7 6. 0-0 0-0 7. Re1 c6 8. a4 a5 9. h3 Re8 10. Be3 h6 11. Qe2 exd4 12. Bxd4 Bf8 13. Qd3 Nb6 14. Ba2 Be6 15. Bxe6 Rxe6 16. Rad1 Nbd7 17. e5 dxe5 18. Nxe5 Nxe5 19. Rxe5 Rd6 20. Ree1 Qd7 21. Qc4 Re8 22. Be3 Qf5 23. Qb3 Rde6 24. Ne2 Bc5 25. Nd4 Bxd4 26. Rxd4 Nd5 27. c4 Nxe3 28. Rxe3 Rxe3 29. fxe3 Qe6 30. Rd3 Qe7 31. Qb6 Qe4 32. Qd4 Qf5 33. Qd7 Re6 34. Rb3 Qc5 35. Qd4 Qe7 36. Qb6 Qg5 37. Rd3 Kh7 38. Qd4 f5 39. Qf4 Qxf4 40. exf4 Re4 41. b3 Re1+ 42. Kf2 Rb1 43. Ke3 c5 44. Kf2 Rb2+ 45. Kf3 h5 46. h4 b6 47. g3 Kg8 48. Ke3 Kf7 49. Kf3 Ke7 50. Ke3 g6 51. Kf3 Ke6 1/2-1/2

[Event "Kingston Canada zt"]
[Site "Kingston"]
[Date "2022.04.14"]
[Round "2"]
[White "Rusonik, Max"]
[Black "Derraugh, Geordie"]
[Result "1-0"]
[WhiteElo "2115"]
[BlackElo "2202"]
[PlyCount "139"]
[EventDate "2022.04.13"]
[EventType "swiss"]
[EventRounds "9"]
[EventCountry "CAN"]
[SourceTitle "CBM 207 Extra"]
[Source "ChessBase"]
[SourceDate "2022.05.31"]
[SourceVersion "1"]
[SourceVersionDate "2022.05.31"]
[SourceQuality "1"]

1. e4 c5 2. Nf3 e6 3. d4 cxd4 4. Nxd4 Nc6 5. Nb5 d6 6. c4 Nf6 7. N1c3 a6 8. Na3 b6 9. Be2 Bb7 10. 0-0 Be7 11. Be3 Ne5 12. f4 Ned7 13. Bf3 0-0 14. Rc1 Rc8 15. Qe2 Rc7 16. Nab1 Qa8 17. Nd2 Rfc8 18. Kh1 Nc5 19. Bd4 Ncd7 20. a4 e5 21. Be3 Nc5 22. Bxc5 Rxc5 23. b4 R5c7 24. Nd5 Bxd5 25. exd5 exf4 26. Be4 b5 27. axb5 axb5 28. c5 Nxe4 29. Nxe4 Qxd5 30. Rcd1 Qe5 31. cxd6 Bxd6 32. Rxd6 Rc4 33. Rfd1 Rf8 34. Ng3 Qxe2 35. Nxe2 Rxb4 36. R6d4 Rxd4 37. Rxd4 Re8 38. Kg1 g5 39. Kf2 Kg7 40. Rd5 f6 41. Rxb5 Re6 42. Nd4 Ra6 43. Rb2 Kg6 44. Re2 Rd6 45. Nf3 h5 46. Re8 Ra6 47. h4 g4 48. Nd4 Ra3 49. Re4 g3+ 50. Kf1 Ra1+ 51. Re1 Ra2 52. Rc1 Rf2+ 53. Kg1 Ra2 54. Rf1 Rd2 55. Ne6 f5 56. Nxf4+ Kh6 57. Re1 Rd4 58. Rf1 Rd2 59. Nh3 Kg6 60. Kh1 Rd4 61. Rf3 Rd1+ 62. Ng1 Rd4 63. Rxg3+ Kh6 64. Nf3 Ra4 65. Kh2 Rb4 66. Kh3 Rg4 67. Rxg4 fxg4+ 68. Kg3 gxf3 69. Kxf3 Kg7 70. Ke4 1-0

[Event "Canadian Qual Online"]
[Site "ICC INT"]
[Date "2021.06.03"]
[Round "10"]
[White "Preotu, Razvan"]
[Black "Rusonik, Max"]
[Result "1-0"]
[WhiteElo "2487"]
[BlackElo "2047"]
[PlyCount "49"]
[EventDate "2021.05.31"]
[EventType "tourn (rapid)"]
[EventRounds "11"]
[EventCountry "CAN"]
[EventCategory "4"]
[SourceTitle "CBM 202 Extra"]
[Source "ChessBase"]
[SourceDate "2021.07.31"]
[SourceVersion "1"]
[SourceVersionDate "2021.07.31"]
[SourceQuality "1"]

1. e4 e5 2. Nf3 Nc6 3. Bc4 Bc5 4. c3 Nf6 5. d3 d6 6. 0-0 a6 7. a4 Ba7 8. Nbd2 0-0 9. h3 h6 10. Re1 Nh5 11. Nf1 Qf6 12. N1h2 Nf4 13. Ng4 Qg6 14. Bxf4 Bxg4 15. Nh4 Qf6 16. Qxg4 exf4 17. d4 Ne7 18. e5 dxe5 19. Rxe5 c5 20. Rae1 Nc6 21. Rf5 Qd6 22. Ng6 Kh7 23. Nxf8+ Rxf8 24. Bxf7 Ne7 25. Re6 1-0

[Event "Canadian Qual Online"]
[Site "ICC INT"]
[Date "2021.06.03"]
[Round "9"]
[White "Rusonik, Max"]
[Black "Plotkin, Mark"]
[Result "0-1"]
[WhiteElo "2047"]
[BlackElo "2430"]
[PlyCount "72"]
[EventDate "2021.05.31"]
[EventType "tourn (rapid)"]
[EventRounds "11"]
[EventCountry "CAN"]
[EventCategory "4"]
[SourceTitle "CBM 202 Extra"]
[Source "ChessBase"]
[SourceDate "2021.07.31"]
[SourceVersion "1"]
[SourceVersionDate "2021.07.31"]
[SourceQuality "1"]

1. e4 g6 2. d4 Bg7 3. Nc3 d6 4. Be3 a6 5. g4 b5 6. Bg2 Bb7 7. h4 b4 8. Nce2 Nf6 9. g5 Nfd7 10. h5 e5 11. Qd2 0-0 12. Qxb4 Nb6 13. d5 a5 14. Qc3 c6 15. Qb3 Ra6 16. hxg6 hxg6 17. f4 cxd5 18. exd5 a4 19. Qd3 a3 20. f5 axb2 21. Rb1 e4 22. Qxe4 Re8 23. Qh4 gxf5 24. Bd4 Re5 25. g6 Qxh4+ 26. Rxh4 fxg6 27. Rxb2 N8d7 28. Bxe5 Bxe5 29. Rb5 Rxa2 30. Nf3 Ba6 31. Nxe5 dxe5 32. c4 Nxc4 33. d6 Bxb5 34. Bd5+ Kg7 35. Bxc4 Bxc4 36. Rxc4 Ra6 0-1

[Event "Canadian Qual Online"]
[Site "ICC INT"]
[Date "2021.06.02"]
[Round "7"]
[White "Rusonik, Max"]
[Black "Panjwani, Raja"]
[Result "0-1"]
[WhiteElo "2047"]
[BlackElo "2448"]
[PlyCount "64"]
[EventDate "2021.05.31"]
[EventType "tourn (rapid)"]
[EventRounds "11"]
[EventCountry "CAN"]
[EventCategory "4"]
[SourceTitle "CBM 202 Extra"]
[Source "ChessBase"]
[SourceDate "2021.07.31"]
[SourceVersion "1"]
[SourceVersionDate "2021.07.31"]
[SourceQuality "1"]

1. e4 g6 2. d4 Bg7 3. Nc3 c6 4. f4 Qb6 5. Nf3 d5 6. e5 Bg4 7. Be2 Nh6 8. a4 a5 9. h3 Bxf3 10. Bxf3 Nf5 11. Ne2 h5 12. g4 Nh4 13. Qd3 Na6 14. 0-0 Nb4 15. Qd1 Nxf3+ 16. Rxf3 hxg4 17. hxg4 Rh4 18. Rg3 0-0-0 19. Be3 Rdh8 20. Kg2 Rh2+ 21. Kf3 f6 22. c3 Na6 23. Qc2 fxe5 24. dxe5 c5 25. Bf2 Qc6 26. Rf1 g5 27. b4 axb4 28. cxb4 Nxb4 29. Qf5+ e6 30. Qg6 Bxe5 31. Rc1 d4+ 32. Qe4 Rxf2+ 0-1

[Event "Canadian Qual Online"]
[Site "ICC INT"]
[Date "2021.06.01"]
[Round "3"]
[White "Rusonik, Max"]
[Black "Plotkin, Victor"]
[Result "1-0"]
[WhiteElo "2047"]
[BlackElo "2367"]
[PlyCount "145"]
[EventDate "2021.05.31"]
[EventType "tourn (rapid)"]
[EventRounds "11"]
[EventCountry "CAN"]
[EventCategory "4"]
[SourceTitle "CBM 202 Extra"]
[Source "ChessBase"]
[SourceDate "2021.07.31"]
[SourceVersion "1"]
[SourceVersionDate "2021.07.31"]
[SourceQuality "1"]

1. e4 e6 2. d4 d5 3. Nc3 dxe4 4. Nxe4 Be7 5. Nf3 Nd7 6. c3 Ngf6 7. Bd3 Nxe4 8. Bxe4 Nf6 9. Bc2 0-0 10. Bg5 h6 11. Bxf6 Bxf6 12. Qd3 Re8 13. 0-0-0 b6 14. Qh7+ Kf8 15. Be4 Rb8 16. Bc6 Bd7 17. d5 e5 18. d6 cxd6 19. Rxd6 Bxc6 20. Rxd8 Rbxd8 21. Re1 Rd6 22. Nd4 Bd7 23. Nf5 Bxf5 24. Qxf5 g6 25. Qe4 Red8 26. Re2 Kg7 27. g3 Kh7 28. h4 Bg7 29. h5 f5 30. Qc2 e4 31. g4 Be5 32. hxg6+ Kg7 33. a4 Rd1+ 34. Qxd1 Rxd1+ 35. Kxd1 Kxg6 36. f3 Kf6 37. gxf5 exf3 38. Rf2 Kxf5 39. Rxf3+ Bf4 40. Ke2 h5 41. Rd3 h4 42. Kf3 Bc1 43. Rd5+ Ke6 44. Rb5 Bd2 45. Kg4 Be1 46. a5 Bf2 47. a6 Kd6 48. Rf5 Be3 49. b4 Bd2 50. Rf7 Bxc3 51. Rxa7 b5 52. Rd7+ Kxd7 53. a7 Bxb4 54. a8Q Be7 55. Qb7+ Ke6 56. Qxb5 Bf6 57. Qf5+ Kf7 58. Kh5 Ke7 59. Qd5 h3 60. Qh1 Ke6 61. Qxh3+ Ke5 62. Kg6 Be7 63. Qf1 Kd6 64. Qe2 Bd8 65. Kf5 Bb6 66. Qd3+ Kc5 67. Ke6 Bc7 68. Qc3+ Kb6 69. Kd5 Bb8 70. Qb4+ Kc7 71. Qb5 Ba7 72. Qc6+ Kb8 73. Qd7 1-0

[Event "Canadian Qual Online"]
[Site "ICC INT"]
[Date "2021.05.31"]
[Round "2"]
[White "Thavandiran, Shiyam"]
[Black "Rusonik, Max"]
[Result "1/2-1/2"]
[WhiteElo "2420"]
[BlackElo "2047"]
[PlyCount "102"]
[EventDate "2021.05.31"]
[EventType "tourn (rapid)"]
[EventRounds "11"]
[EventCountry "CAN"]
[EventCategory "4"]
[SourceTitle "CBM 202 Extra"]
[Source "ChessBase"]
[SourceDate "2021.07.31"]
[SourceVersion "1"]
[SourceVersionDate "2021.07.31"]
[SourceQuality "1"]

1. e4 e5 2. Bc4 Nf6 3. d3 Nc6 4. Nc3 Bc5 5. Bg5 Na5 6. a3 Nxc4 7. dxc4 c6 8. Qd2 d6 9. Nge2 Be6 10. b3 Qe7 11. 0-0 Rd8 12. Ng3 h6 13. Be3 d5 14. Bxc5 Qxc5 15. Na4 Qe7 16. exd5 cxd5 17. cxd5 b5 18. Nc3 Nxd5 19. Nxb5 Qb7 20. Qa5 0-0 21. Ne2 f5 22. Rad1 f4 23. c4 f3 24. gxf3 Nf4 25. Nxf4 Rxd1 26. Rxd1 Qxf3 27. Rd3 Qxf4 28. Qd2 Qf6 29. Nc3 h5 30. Nd5 Bxd5 31. cxd5 h4 32. h3 e4 33. Rc3 Qd6 34. b4 Rf3 35. Rc8+ Kh7 36. Qg5 Rxh3 37. Qh5+ Qh6 38. Qg4 Rxa3 39. Qxe4+ Qg6+ 40. Qxg6+ Kxg6 41. Rc4 Rd3 42. Rxh4 Rxd5 43. Rc4 a5 44. bxa5 Rxa5 45. Rg4+ Rg5 46. Rxg5+ Kxg5 47. Kg2 Kg4 48. f3+ Kf4 49. Kf2 g5 50. Kg2 g4 51. fxg4 Kxg4 1/2-1/2

[Event "Titled Tuesday intern op 30th June"]
[Site "Chess.com INT"]
[Date "2020.06.30"]
[Round "3"]
[White "Cooper, Aaron"]
[Black "Rusonik, Max"]
[Result "0-1"]
[WhiteElo "1904"]
[BlackElo "2003"]
[PlyCount "90"]
[EventDate "2020.06.30"]
[EventType "swiss (blitz)"]
[EventRounds "10"]
[EventCountry "USA"]
[SourceTitle "CBM 197 Extra"]
[Source "ChessBase"]
[SourceDate "2020.09.30"]
[SourceVersion "1"]
[SourceVersionDate "2020.09.30"]
[SourceQuality "1"]

1. Nf3 f5 2. g3 Nf6 3. Bg2 g6 4. d4 Bg7 5. c4 d6 6. Nc3 0-0 7. 0-0 c6 8. Re1 Na6 9. b3 Qa5 10. Bb2 e5 11. e4 fxe4 12. Nxe4 Nxe4 13. Rxe4 Bf5 14. Re1 Rad8 15. a3 e4 16. Nh4 d5 17. Nxf5 gxf5 18. b4 Qc7 19. cxd5 cxd5 20. Rc1 Qf7 21. Qd2 Nc7 22. f4 Ne6 23. Red1 Rc8 24. Bf1 Bf6 25. a4 Qg7 26. Rxc8 Rxc8 27. Kf2 a6 28. Bh3 Rc4 29. Bxf5 Nxd4 30. Bxd4 Bxd4+ 31. Kg2 Qc7 32. Be6+ Kh8 33. Qe2 Rc2 34. Rd2 Rxd2 35. Qxd2 Qc4 36. Bg4 e3 37. Qe2 Qxb4 38. Be6 Qb3 39. Kf3 Kg7 40. f5 Kf6 41. g4 Qb1 42. h4 Qe4+ 43. Kg3 Qe5+ 44. Kh3 Qf4 45. g5+ Ke7 0-1

[Event "Titled Tuesday intern op 30th June"]
[Site "Chess.com INT"]
[Date "2020.06.30"]
[Round "9"]
[White "Rusonik, Max"]
[Black "Hansen, Soren Bech"]
[Result "0-1"]
[WhiteElo "2003"]
[BlackElo "2269"]
[PlyCount "84"]
[EventDate "2020.06.30"]
[EventType "swiss (blitz)"]
[EventRounds "10"]
[EventCountry "USA"]
[SourceTitle "CBM 197 Extra"]
[Source "ChessBase"]
[SourceDate "2020.09.30"]
[SourceVersion "1"]
[SourceVersionDate "2020.09.30"]
[SourceQuality "1"]

1. e4 c5 2. Nf3 Nc6 3. d4 cxd4 4. Nxd4 Qb6 5. Nb3 Nf6 6. Be3 Qc7 7. Nc3 e6 8. Bd3 d6 9. f4 a6 10. 0-0 b5 11. a3 Bb7 12. Qf3 Be7 13. Kh1 0-0 14. Rae1 Rfe8 15. Qg3 Kh8 16. e5 dxe5 17. fxe5 Qxe5 18. Bf4 Qh5 19. Ne4 Rad8 20. Nbc5 Ba8 21. Nxa6 Nd4 22. Nc7 Nxe4 23. Bxe4 Bxe4 24. Rxe4 Nf5 25. Qb3 Rd1 26. Qxb5 Ng3+ 27. Bxg3 Qxb5 28. Rxd1 Qh5 29. Red4 Rc8 30. Rd7 Bf6 31. b4 h6 32. b5 Qc5 33. a4 e5 34. Nd5 Qxc2 35. Nxf6 gxf6 36. b6 Qxa4 37. b7 Rb8 38. h3 Kg7 39. R1d6 Qb5 40. Bh4 Rxb7 41. Bxf6+ Kg6 42. Bxe5+ Kf5 0-1

[Event "CAN-ch U20"]
[Site "Toronto"]
[Date "2019.08.10"]
[Round "6"]
[White "Hua, Eugene"]
[Black "Rusonik, Max"]
[Result "1-0"]
[WhiteElo "2301"]
[BlackElo "1963"]
[PlyCount "99"]
[EventDate "2019.08.08"]
[EventType "swiss"]
[EventRounds "8"]
[EventCountry "CAN"]
[SourceTitle "CBM 191 Extra"]
[Source "ChessBase"]
[SourceDate "2019.09.30"]
[SourceVersion "1"]
[SourceVersionDate "2019.09.30"]
[SourceQuality "1"]

1. c4 f5 2. g3 Nf6 3. Bg2 g6 4. Nc3 Bg7 5. d3 d6 6. e4 c6 7. Nge2 0-0 8. 0-0 e5 9. exf5 gxf5 10. d4 Be6 11. b3 Qa5 12. Bd2 Qc7 13. c5 dxc5 14. dxe5 Ng4 15. Nf4 Bc8 16. e6 Re8 17. Qc2 Bxe6 18. Nxe6 Rxe6 19. Qxf5 Rd6 20. Bf4 Qd7 21. Qxd7 Rxd7 22. Rac1 Ne5 23. Bh3 Rd3 24. Bxe5 Bxe5 25. Ne4 b6 26. Rcd1 Rd4 27. f4 Rxd1 28. Rxd1 Bd4+ 29. Kg2 a5 30. Be6+ Kg7 31. g4 Na6 32. g5 Re8 33. f5 Nc7 34. f6+ Kh8 35. Bf5 Nd5 36. Nd6 Rf8 37. Re1 Bxf6 38. gxf6 Rxf6 39. Re8+ Kg7 40. Rd8 Ne3+ 41. Kf3 Nxf5 42. Ne8+ Kg6 43. Nxf6 Kxf6 44. Ke4 Nd4 45. Rb8 b5 46. Ra8 Kg5 47. Rxa5 Kg4 48. Ra7 h5 49. Rg7+ Kh3 50. Rg5 1-0

[Event "Ontario op"]
[Site "Oakville"]
[Date "2019.05.18"]
[Round "1"]
[White "Rusonik, Max"]
[Black "Preotu, Razvan"]
[Result "1/2-1/2"]
[WhiteElo "1950"]
[BlackElo "2505"]
[PlyCount "64"]
[EventDate "2019.05.18"]
[EventType "swiss"]
[EventRounds "6"]
[EventCountry "CAN"]
[SourceTitle "CBM 190 Extra"]
[Source "ChessBase"]
[SourceDate "2019.07.15"]
[SourceVersion "1"]
[SourceVersionDate "2019.07.15"]
[SourceQuality "1"]

1. e4 c5 2. Nf3 d6 3. d4 cxd4 4. Nxd4 Nf6 5. Nc3 a6 6. Bg5 Nbd7 7. Qe2 h6 8. Bh4 g6 9. f4 e5 10. Nf3 Be7 11. fxe5 dxe5 12. 0-0-0 Qc7 13. Qc4 Qb6 14. Bxf6 Nxf6 15. Nxe5 Be6 16. Qa4+ Kf8 17. Bc4 Kg7 18. Qb3 Qxb3 19. Bxb3 Bxb3 20. axb3 Rae8 21. Nf3 Rd8 22. Nd5 Bd6 23. Nxf6 Bf4+ 24. Kb1 Kxf6 25. c3 Rhe8 26. Rxd8 Rxd8 27. Kc2 Re8 28. Re1 h5 29. Kd3 Rd8+ 30. Kc2 Re8 31. Kd3 Rd8+ 32. Kc2 Re8 1/2-1/2

[Event "Canada zt"]
[Site "Kingston"]
[Date "2019.04.22"]
[Round "8"]
[White "Rodrigue Lemieux, Shawn"]
[Black "Rusonik, Max"]
[Result "1/2-1/2"]
[WhiteElo "2282"]
[BlackElo "1900"]
[PlyCount "140"]
[EventDate "2019.04.18"]
[EventType "swiss"]
[EventRounds "9"]
[EventCountry "CAN"]
[SourceTitle "CBM 190 Extra"]
[Source "ChessBase"]
[SourceDate "2019.07.15"]
[SourceVersion "1"]
[SourceVersionDate "2019.07.15"]
[SourceQuality "1"]

1. a3 f5 2. d3 Nf6 3. g3 e5 4. Bg2 d6 5. c4 g6 6. Nc3 c6 7. e4 Bg7 8. Nge2 fxe4 9. dxe4 Be6 10. b3 Na6 11. 0-0 Nc7 12. h3 Qd7 13. Kh2 0-0-0 14. Qc2 Kb8 15. Rd1 Qf7 16. f4 h5 17. fxe5 dxe5 18. Bg5 Rxd1 19. Rxd1 Bh6 20. Qd2 Qg7 21. Bxh6 Qxh6 22. Qxh6 Rxh6 23. Na4 b6 24. Nb2 Rh7 25. Nd3 Nd7 26. Ng1 Re7 27. Nf3 Bf7 28. Nb4 Kb7 29. Rd6 Nb8 30. h4 a5 31. Na2 Ne8 32. Rd2 a4 33. bxa4 Bxc4 34. Nb4 Nf6 35. Rd8 Ng4+ 36. Kg1 Rd7 37. Rxd7+ Nxd7 38. Nd2 Be2 39. Na2 Kc7 40. Nc3 Bd3 41. Bh3 Ndf6 42. Bf1 Bc2 43. Bc4 Kd6 44. Bf7 Kc5 45. Kf1 Bd3+ 46. Ke1 Kd4 47. Ne2+ Ke3 48. Nc3 Kd4 49. Ne2+ Ke3 50. Nc3 Nf2 51. Bxg6 N2xe4 52. Ncxe4 Bxe4 53. Bxe4 Nxe4 54. Nc4+ Kf3 55. Nxb6 Nc5 56. Nc4 e4 57. Ne5+ Kxg3 58. Nxc6 Nxa4 59. Ke2 Kxh4 60. Ke3 Kg3 61. Ne7 Nc5 62. a4 Kg4 63. Ng6 Nxa4 64. Kxe4 Nc5+ 65. Ke3 Ne6 66. Kf2 Kg5 67. Ne5 Kh4 68. Kg2 Nd4 69. Nf3+ Nxf3 70. Kxf3 Kh3 1/2-1/2

[Event "Canada zt"]
[Site "Kingston"]
[Date "2019.04.22"]
[Round "9"]
[White "Rusonik, Max"]
[Black "Yao, Houji"]
[Result "1/2-1/2"]
[WhiteElo "1900"]
[BlackElo "2018"]
[PlyCount "97"]
[EventDate "2019.04.18"]
[EventType "swiss"]
[EventRounds "9"]
[EventCountry "CAN"]
[SourceTitle "CBM 190 Extra"]
[Source "ChessBase"]
[SourceDate "2019.07.15"]
[SourceVersion "1"]
[SourceVersionDate "2019.07.15"]
[SourceQuality "1"]

1. e4 c5 2. Nf3 e6 3. d4 cxd4 4. Nxd4 Nc6 5. Nb5 d6 6. c4 Nf6 7. N1c3 a6 8. Na3 Be7 9. Be2 0-0 10. Be3 Qc7 11. 0-0 b6 12. Rc1 Ne5 13. f4 Ng6 14. Qb3 Rb8 15. Nab1 Bb7 16. Nd2 Nd7 17. a3 Rbc8 18. Qc2 Qb8 19. g3 Rfd8 20. Bf3 Nf6 21. Qb3 Nd7 22. Qa2 Bf6 23. Rfd1 Ba8 24. b4 b5 25. cxb5 Rxc3 26. Rxc3 Bxc3 27. bxa6 Nf6 28. Nb1 Bxe4 29. Bxe4 Nxe4 30. Qc2 Qa8 31. Nxc3 Nxc3 32. Qxc3 Qxa6 33. Qc7 Rf8 34. Qxd6 Qxa3 35. Bc5 Ra8 36. b5 Qf3 37. Rc1 Rc8 38. b6 h5 39. Qd2 h4 40. Bf2 Rb8 41. Qd1 Qe4 42. Qc2 Qa8 43. f5 Ne5 44. fxe6 Nf3+ 45. Kf1 Nxh2+ 46. Kg1 Nf3+ 47. Kf1 Nh2+ 48. Kg1 Nf3+ 49. Kf1 1/2-1/2